DBD Killers Name Quiz - Statistics

General Stats
  • This quiz has been taken 28 times
  • The average score is 14 of 42
Answer Stats
Hint Answer % Correct
The Mastermind Albert Wesker
70%
The Ghoul Ken Kaneki
70%
The Executioner Pyramid Head
65%
The Dark Lord Vlad Dracula
65%
The Animatronic William Afton
65%
The Nightmare Freddy Kruger
60%
The Shape Micheal Myers
60%
The Lich Vecna
60%
The Demogorgon Demogorgon
55%
The Trapper Evan Macmillan
55%
The Xenomorph Xenomorph
50%
The First Henry Creel
45%
The Oni Kazan Yamaoka
45%
The Spirit Rin Yamaoka
45%
The Blight Talbot Grimes
45%
The Unknown Unknown
45%
The Cannibal Bubba Sawyer
40%
The Good Guy Charles Lee Ray
40%
The Pig Amanda Young
35%
The Huntress Anna
35%
The Deathslinger Caleb Quinn
35%
The Wraith Phillip Ojomo
35%
The Ghostface Danny Johnson
30%
The Legion Frank, Julie, Susie, Joey
30%
The Dredge Dredge
25%
The Hag Lisa Sherwood
25%
The Cenobite Elliot Spencer
20%
The Trickster Ji-Woon Hak
20%
The Hillbilly Max Thompson Jr.
20%
The Nemesis Nemesis T-Type
20%
The Onryō Sadako Yamamura
20%
The Nurse Sally Smithson
20%
The Knight Tarhos Kovacs
20%
The Doctor Hermann Carter
15%
The Plague Adiris
10%
The Artist Carmina Mora
10%
The Twins Charlotte and Victor Deshayes
10%
The Clown Jeffery Hawk
10%
The Houndmaster Portia Maye
10%
The Skull Merchant Adriana Imai
5%
The Singularity HUX-A7-13
5%
The Krasue Burong Sukapat
0%
No matching quizzes found
Score Distribution
Percent of People with Each Score
Percentile by Number Answered
Your Score History
You have not taken this quiz